000 01191cam a2200349 a 4500
001 4123
003 FISKH
005 20240607151336.0
008 110718s2011 nyu d 000 1 eng
010 _a 2011019370
020 _a9780062085481 (trade bdg.)
020 _a9780062676375
040 _aDLC
_cDLC
_dDLC
_beng
042 _alcac
_apcc
050 0 0 _aPZ7.M2695
082 0 0 _a813.6
100 1 _aMafi, Tahereh.
245 1 0 _aShatter me /
_cTahereh Mafi.
250 _aRevised edition, 2018
260 _aNew York :
_bHarper,
_c2011.
300 _a329, 17 pages ;
_c21 cm
490 _aShatter Me
_vBook 1
520 _aOstracized or incarcerated her whole life, seventeen-year-old Juliette is freed on the condition that she use her horrific abilities in support of The Reestablishment, a postapocalyptic dictatorship, but Adam, the only person ever to show her affection, offers hope of a better future.
650 1 _aScience fiction.
650 1 _aAbility
_vFiction.
650 1 _aLove
_vFiction.
650 1 _aSoldiers
_vFiction.
650 1 _aDictatorship
_vFiction.
906 _a7
_bcbc
_corignew
_d1
_eecip
_f20
_gy-gencatlg
942 _2ddc
_cBK
_n0
999 _c4123
_d4123